banner-ar

شركة التوصية البسيطة دراسة قانونية مقارنة فى ضوء احكام شركة المضاربة فى الفقه الاسلامى / (Record no. 31933)

MARC details
000 -الفاتح
حقل البيانات ثابتة الطول 00782nam a2200205Ia 4500
008 - عناصر البيانات ثابتة الطول - معلومات عامة
حقل البيانات ثابتة الطول 140319s9999 xx 000 0 ara d
040 ## - مصدر الفهرسة
وكالة الفهرسة الأصلية GCL /
وكالة النسخ GCL
082 04 - رقم تصنيف ديوى العشرى
رقم التصنيف 346.07
رقم المادة ق ش
100 1# - المدخل الرئيسى - إسم شخصى
الإسم الشخصى قاسم عبد الحميد الوتيدى
245 10 - بيان العنوان
العنوان شركة التوصية البسيطة دراسة قانونية مقارنة فى ضوء احكام شركة المضاربة فى الفقه الاسلامى /
بيان المسئوليه,etc قاسم عبد الحميد الوتيدى
700 1# - المدخل الاضافى - اسم شخصى
الإسم الشخصى الادارة العامة للبحوث
260 ## - PUBLICATION, DISTRIBUTION, ETC. (IMPRINT)
تاريخ النشر أو التوزيع 1988
300 ## - الوصف المادى
التعداد 412
490 ## - بيان السلسلة
عنوان السلسلة
650 04 - المدخل الاضافى بالموضوع-مصطلح موضوعى
مصطلح موضوعي القانون
650 04 - المدخل الاضافى بالموضوع-مصطلح موضوعى
مصطلح موضوعي الفقه الاسلامى
650 04 - المدخل الاضافى بالموضوع-مصطلح موضوعى
مصطلح موضوعي القانون التجارى
942 ## - عناصر المدخل الإضافي( كوها)
مصدر التصنيف او مخطط الترفيف Dewey Decimal Classification
Koha [default] item type كتاب
260 ## - PUBLICATION, DISTRIBUTION, ETC. (IMPRINT)
-- [S.N] :
-- الادارة العامة للبحوث ،
Holdings
حالة التراجع حالة الفقد حالة تلف ليس للاعارة المكان المؤقت الموقع الحالى تاريخ الاكتساب اجمالي اﻻعارات رقم الطلب الباركود تاريخ اخر مشاهدة تاريخ تفعيل السعر نوع وعاء كوها
        مكتبة القاهرة الكبرى مكتبة القاهرة الكبرى 03/26/2014   346.07\ق ش 74953 03/26/2014 03/26/2014 كتاب
        مكتبة القاهرة الكبرى مكتبة القاهرة الكبرى 03/26/2014   346.07\ق ش 74954 03/26/2014 03/26/2014 كتاب

Powered By

EGPV